Heavy construction / (Record no. 337865)

MARC details
000 -LEADER
fixed length control field 00378cam a2200157ua 4500
003 - CONTROL NUMBER IDENTIFIER
control field OSt
008 - FIXED-LENGTH DATA ELEMENTS--GENERAL INFORMATION
fixed length control field 250415b |||||||| |||| 00| 0 eng d
041 ## - LANGUAGE CODE
Language code of text/sound track or separate title eng
082 ## - DEWEY DECIMAL CLASSIFICATION NUMBER
Classification number 624
Item number VAZ/HE
100 ## - MAIN ENTRY--PERSONAL NAME
Personal name Vazirani, V N .
9 (RLIN) 1702
245 ## - TITLE STATEMENT
Title Heavy construction /
260 ## - PUBLICATION, DISTRIBUTION, ETC. (IMPRINT)
Place of publication, distribution, etc. Delhi :
Name of publisher, distributor, etc. Khanna publishers.
300 ## - PHYSICAL DESCRIPTION
Extent 279 ; .
700 1# - ADDED ENTRY--PERSONAL NAME
Personal name Chandala, S P .
9 (RLIN) 7408
942 ## - ADDED ENTRY ELEMENTS (KOHA)
Koha item type Books (General)
Holdings
Withdrawn status Lost status Damaged status Not for loan Home library Current library Date acquired Total Checkouts Full call number Barcode Date last seen Price effective from Koha item type
        Kelappaji College of Agricultural Engineering & Technology Library, Tavanur Kelappaji College of Agricultural Engineering & Technology Library, Tavanur 07/04/2012   624 VAZ/HE KAU_KCAEFT-18805 03/09/2025 07/04/2012 Books (General)
Kerala Agricultural University Central Library
Thrissur-(Dt.), Kerala Pin:- 680656, India
Ph : (+91)(487) 2372219
E-mail: librarian@kau.in
Website: http://library.kau.in/